| 000 | 00507nam a2200157 a 4500 | ||
|---|---|---|---|
| 001 | 000043816 | ||
| 005 | 20201002045001.0 | ||
| 008 | 140506s1993 sp 000 j spa d | ||
| 020 | _a8488675046 | ||
| 040 |
_aDO-SdBNP _bspa _cBNPHU |
||
| 100 | 1 |
_aMatute, Ana María _917559 |
|
| 245 | 1 | 0 |
_aDe ninguna parte y otros relatos. / _cAna María Matute. |
| 260 |
_a[España] : _bFundación de los ferrocarriles españoles, _c1993. |
||
| 300 |
_a120 p. ; _c20 cm. |
||
| 586 |
_aNarraciones breves "Antonio Machado" _817 |
||
| 999 |
_c43305 _d43305 |
||